Loading...
| Science - Chemistry | 0 | 2 | 0 | 0 | 20 | 76 | 93.50 | 0 | 1 | 2.48 | 9.00 |
| Social Science | 0 | 2 | 0 | 0 | 20 | 68 | 73.50 | 0 | 0 | 5.76 | 11.00 |
| Philosophy | 0 | 2 | 1 | 0 | 15 | 92 | 102.50 | 0 | 0 | 2.30 | 6.50 |
| Science - Other | 0 | 2 | 1 | 0 | 15 | 42 | 57.00 | 1 | 1 | 10.19 | 12.00 |
| Fine Arts - Other | 0 | 1 | 0 | 0 | 10 | 130 | 130.00 | 0 | 0 | 0.00 | 3.00 |
| Science - Biology | 0 | 1 | 0 | 0 | 10 | 86 | 86.00 | 0 | 0 | 2.04 | 6.00 |
| Science - Physics | 0 | 1 | 0 | 1 | 10 | 126 | 126.00 | 0 | 0 | 0.00 | 1.00 |
| Popular Culture | 0 | 1 | 0 | 0 | 10 | 118 | 118.00 | 0 | 0 | 3.54 | 11.11 |
| History - European | 0 | 1 | 0 | 0 | 10 | 72 | 72.00 | 0 | 0 | 4.15 | 4.00 |
| Literature - British | 0 | 1 | 0 | 0 | 10 | 131 | 131.00 | 0 | 0 | 0.44 | 4.17 |
| Other Academic | 0 | 1 | 0 | 0 | 10 | 116 | 116.00 | 0 | 0 | 0.85 | 15.00 |
| Literature - European | 0 | 0 | 0 | 0 | 0 | 0.00 | 0 | 0 | 0.00 | 0.00 |